000 00566nam a2200181Ia 4500
999 _c52803
_d52803
003 GCL
005 20240530105043.0
008 140319s9999 xx 000 0 ara d
020 _a3107109973
040 _aGCL /
_cGCL
082 0 4 _a953.02
_bأ ك
100 0 _aابى عبيد البكرى
245 1 0 _aكتاب المسالك والممالك /
_cابى عبيد البكرى
260 _aتونس :
_bالدار العربية للكتاب ،
_c1992
300 _a525 ص ؛
_c24 سم
650 0 4 _aالاندلس - تاريخ سياسى
942 _2ddc
_cBK